000
00257nam a2200097Ia 4500
005
20251222114409.0
008
251222s1900||||xx |||||||||||||| ||spa||
082
_a
DVD191.3 T.1/U61M/2003
245
0
_a
Primer diálogo: Pueblo - primera ministra - I
942
_c
DVD
999
_c
1946
_d
1946